Normal view MARC view
  • PAKISTAN:1967-1977

Entry Topical Term

Number of records used in: 1

001 - CONTROL NUMBER

  • control field: 77079

003 - CONTROL NUMBER IDENTIFIER

  • control field: NUST

005 - DATE AND TIME OF LATEST TRANSACTION

  • control field: 20210628205813.0

008 - FIXED-LENGTH DATA ELEMENTS

  • fixed length control field: 210628|| aca||aabn | a|a d

040 ## - CATALOGING SOURCE

  • Original cataloging agency: NUST
  • Transcribing agency: NUST

150 ## - HEADING--TOPICAL TERM

  • Topical term or geographic name entry element: PAKISTAN:1967-1977

670 ## - SOURCE DATA FOUND

  • Source citation: Work cat.: (NUST): Rafi Raza 53686, Zulfiqar ali bhutto and pakistan 1967-1977, 1997
© 2023 Central Library, National University of Sciences and Technology. All Rights Reserved.